Los Angeles Rams Season Records - Statistics

General Stats
  • This quiz has been taken 18 times
    11 since last reset
  • The average score is 55 of 87
Answer Stats
Year Answer % Correct
2025 Winning
100%
2024 Winning
100%
2023 Winning
100%
2021 Winning
100%
2020 Winning
100%
2019 Winning
100%
2018 Winning
100%
2017 Winning
100%
2022 Losing
88%
2016 Losing
88%
2015 Losing
88%
2014 Losing
88%
2013 Losing
88%
2012 Losing
88%
2011 Losing
88%
2010 Losing
88%
2009 Losing
88%
2008 Losing
88%
2007 Losing
88%
2005 Losing
88%
2002 Losing
88%
2003 Winning
88%
1998 Losing
75%
1997 Losing
75%
1996 Losing
75%
1995 Losing
75%
1994 Losing
75%
1993 Losing
75%
1992 Losing
75%
1991 Losing
75%
2001 Winning
75%
2000 Winning
75%
1999 Winning
75%
1990 Losing
63%
1987 Losing
63%
1982 Losing
63%
1981 Losing
63%
1972 Losing
63%
1965 Losing
63%
1964 Losing
63%
1963 Losing
63%
1962 Losing
63%
1961 Losing
63%
1960 Losing
63%
1989 Winning
63%
1988 Winning
63%
1986 Winning
63%
1985 Winning
63%
1984 Winning
63%
1983 Winning
63%
1980 Winning
63%
1979 Winning
63%
1978 Winning
63%
1977 Winning
63%
1976 Winning
63%
1975 Winning
63%
1974 Winning
63%
1973 Winning
63%
1971 Winning
63%
1970 Winning
63%
1969 Winning
63%
1968 Winning
63%
1967 Winning
63%
1966 Winning
63%
1959 Losing
50%
1956 Losing
50%
1958 Winning
50%
1955 Winning
50%
1954 Winning
50%
1953 Winning
50%
1952 Winning
50%
1951 Winning
50%
1957 Tied
38%
1950 Winning
38%
1949 Winning
38%
1948 Winning
38%
1944 Losing
25%
1947 Tied
25%
1946 Winning
25%
1945 Winning
25%
1942 Losing
13%
1941 Losing
13%
1940 Losing
13%
1938 Losing
13%
1937 Losing
13%
1939 Tied
13%
1936 Winning
13%
No matching quizzes found
Score Distribution
Percent of People with Each Score
Percentile by Number Answered
Your Score History
You have not taken this quiz since the last reset